000 00486nam a2200157Ia 4500
008 100122s9999 xx 000 0 und d
082 _b48396
_aBM823
100 _aघैसास दिवाकर अनंत
245 _aसिहासन बत्तीशी
250 _a0
260 _bभिकाजी ढवळे
_c1987
300 _a96
630 _aसिहासन बत्तीशी
730 _aसिहासन बत्तीशी
942 _cBOOK
999 _c427032
_d427029